K výskumu slovnej zásoby slovenských nárečí

Bibliographic Details
Main Author: Habovštiak, Anton, 1924-2004 (Author)
Format: Article
Language:Slovak
Subjects:

MARC

LEADER 00000nab a2200000 a 4500
001 vtls009189080
003 SK-MaSNL
005 20260304163542.0
008 250507c1967 xo |||||| b ||00 b|slo
015 |a SNBRB2008/02  |2 snkbucl 
035 |a (uuid)b6113947-0fcc-4d5b-b4cc-91b0787dad2c 
035 |a urn:nbn:sk:snk-abc3at 
035 |a (urnnbn)urn:nbn:sk:snk:ar-002r0u 
038 |a SNKBUCL 
040 |a SNKBUCL  |b slo  |c SNKBUCL  |e AACR2 
041 0 |a slo 
044 |a xo  |c SK 
080 |a 811.162.4`282  |2 1997 
080 |a 81`282:811.162.4  |2 1997 
100 1 |a Habovštiak, Anton,  |d 1924-2004  |4 aut  |9 92747 
245 1 0 |a K výskumu slovnej zásoby slovenských nárečí  |c Anton Habovštiak 
504 |a Bibliogr. odkazy v poznámkach 
650 0 7 |a slovenčina  |2 snkbucl  |9 1350 
650 0 7 |a dialektológia  |2 snkbucl  |9 13485 
650 0 7 |a dialekty  |2 snkbucl  |9 19030 
650 0 7 |a slovenské dialekty  |2 snkbucl  |9 14589 
650 0 7 |a slovná zásoba  |2 snkbucl  |9 66837 
650 0 7 |a nárečová slovná zásoba  |2 snkbucl  |9 1085440 
650 0 7 |a dialektologický výskum  |2 snkbucl  |9 1045011 
773 0 |t Slovenská reč  |g Roč. 32, č. 4 (1967), s. 224-228 
850 |a Slovenská národná knižnica 
852 |a Slovenská národná knižnica 
954 |a odborná, vedecká literatúra pôvodná (slovenská)  |2 lita 
958 |a article15 
958 |a OND 
958 |a NB 
958 |a EUIPO 
999 |c 2977949  |d 2979879